00442nam a2200145Ia 4500008004100000010001400041040002600055041002600081082001700107100002200124245005400146260004000200300002100240600003500261090201s9999 xx 000 0 und d aKPL-12818 bइंग्रजी aइंग्रजी a23968b12818 aacharya rajneesh ayoga as a spotaneous happeningcacharya rajneesh c2004bishwarlal n shah publications a27bमोठा ayoga as a spotaneous happening